| 000 | 01481cas a2200385 a 4500 | ||
|---|---|---|---|
| 005 | 20240211191957.0 | ||
| 008 | 760426c19719999si x m 0 a0eng c | ||
| 010 |
_asn 85021996 _z 2005347588 |
||
| 022 |
_a0219-3213 _l0219-3213 |
||
| 035 | _a(OCoLC)ocm02140094 | ||
| 040 |
_aYUS _beng _cYUS _dMUL _dIUL _dOCL _dDLC _dOCLCQ _dDLC _dOCLCQ _dNLGGC _dOCLCQ _dDLC _dOCLCF _dDLC _dOCLCO _dOCL _dCLU _dOCLCQ |
||
| 042 | _apcc | ||
| 043 | _aas----- | ||
| 050 | 0 | 0 |
_aDS526.7 _b.T74 |
| 082 | 0 | 4 | _a959.008 |
| 245 | 0 | 0 |
_aTrends in Southeast Asia / _cInstitute of Southeast Asian Studies. |
| 260 |
_aSingapore : _bInstitute of Southeast Asian Studies, _c1971- |
||
| 300 |
_avolumes ; _c27-32 cm |
||
| 310 | _aIrregular | ||
| 362 | 0 | _aNo. 1 (Jan. 1971)- ; [new ser.], no. 1- | |
| 500 | _aIssues also carry a distinctive title. | ||
| 500 | _aTitle from cover. | ||
| 648 | 7 |
_aSince 1945 _2fast |
|
| 650 | 7 |
_aEconomic history. _2fast(OCoLC)fst00901974 |
|
| 650 | 7 |
_aPolitics and government _2fast(OCoLC)fst01919741 |
|
| 650 | 1 | 7 |
_aEconomische politiek. _2gtt |
| 651 | 0 |
_aSoutheast Asia _xEconomic conditions. |
|
| 651 | 0 |
_aSoutheast Asia _xPolitics and government _y1945- |
|
| 651 | 7 |
_aSoutheast Asia. _2fast0(OCoLC)fst01240499 |
|
| 710 | 2 | _aInstitute of Southeast Asian Studies. | |
| 776 | 0 | 8 |
_iOnline version: _tTrends in Southeast Asia _w(OCoLC)615340914 |
| 905 |
_aabeer _eCat. |
||
| 942 |
_2ddc _cBK |
||
| 999 |
_c154149 _d154149 |
||